The wizard of Oz. (Record no. 603)
[ view plain ]
| 000 -LEADER | |
|---|---|
| fixed length control field | 01479nam a2200217 a 4500 |
| 005 - DATE AND TIME OF LATEST TRANSACTION | |
| control field | 20260322212026.0 |
| 008 - FIXED-LENGTH DATA ELEMENTS--GENERAL INFORMATION | |
| fixed length control field | data |
| 099 ## - LOCAL FREE-TEXT CALL NUMBER (OCLC) | |
| Classification number | DVD 943 |
| 001 - CONTROL NUMBER | |
| control field | data |
| 100 1# - MAIN ENTRY--PERSONAL NAME | |
| Personal name | Garland, Judy. |
| 245 14 - TITLE STATEMENT | |
| Title | The wizard of Oz. |
| Statement of responsibility, etc. | Metro-Goldwyn-Mayer presents a Victor Fleming production ; produced by Loews Incorporated ; produced by Mervyn LeRoy ; directed by Victor Fleming ; screenplay by Noel Langley, Florence Ryerson and Edgar Allan Woolfe ; adaptation by Noel Langley. Film editor, Blanche Sewell ; photography, Harold Rosson ; special effects, Arnold Gillespie ; musical adaptation, Herbert Stothart ; lyrics, E.Y. Harburg ; music, Harold Arlen ; costumes, Adrian. |
| 260 ## - PUBLICATION, DISTRIBUTION, ETC. | |
| Place of publication, distribution, etc. | Burbank, CA : |
| Name of publisher, distributor, etc. | Metro-Goldwyn-Mayer. ; production company.; Warner Home Video (Firm), ; |
| Date of publication, distribution, etc. | 2013. |
| 300 ## - PHYSICAL DESCRIPTION | |
| Extent | DVD video 2 videodiscs (102 min.) : sound, color, sepia tone ; |
| Other physical details | 4 3/4 in. |
| 500 ## - GENERAL NOTE | |
| General note | Originally produced as a motion picture in 1939./ |
| 520 ## - SUMMARY, ETC. | |
| Summary, etc. | The charming film based on the popular L. Frank Baum novel, Dorothy and her dog Toto, are caught in a tornado's path and somehow end up in the land of Oz. Here she encounters some memorable friends and foes in her journey to meet the Wizard of Oz who everyone says can help her return home and possibly grant her new friends their goals of a brain, heart and courage. |
| 650 #0 - SUBJECT ADDED ENTRY--TOPICAL TERM | |
| Topical term or geographic name entry element | Musical films |
| 650 #0 - SUBJECT ADDED ENTRY--TOPICAL TERM | |
| Topical term or geographic name entry element | Fantasy films |
| 650 #0 - SUBJECT ADDED ENTRY--TOPICAL TERM | |
| Topical term or geographic name entry element | Children's films |
| 700 1# - ADDED ENTRY--PERSONAL NAME | |
| Personal name | Fleming, Victor, |
| Dates associated with a name | 1883-1949. |
| 700 1# - ADDED ENTRY--PERSONAL NAME | |
| Personal name | LeRoy, Mervyn, |
| Dates associated with a name | 1900-1987. |
| Withdrawn status | Lost status | Damaged status | Not for loan | Home library | Current library | Shelving location | Date acquired | Total checkouts | Full call number | Barcode | Date last seen | Price effective from | Koha item type |
|---|---|---|---|---|---|---|---|---|---|---|---|---|---|
| Fairfield | Fairfield | General stacks | 22/03/2026 | GEN | BC0010618 | 22/03/2026 | 22/03/2026 | Books |